000 00686nas a2200253 4500
001 BR6800640
003 BR-BrBNA
005 20231205082252.0
007 ta
008 230509b bl.|||p| |||| 00| 00por d
040 _aBR-BrBNA
_bpor
_cBiblioteca Nacional de Agricultura
041 _a(Pt)
072 _aP01
100 1 _aSousa, H.M. de
245 1 _aFormacao e conservacao de gramados
650 _aGRAMA
650 _aGRAMA-BATATAIS
650 _aTIRIRICA
650 _aADUBACAO
650 _aVARIEDADE
773 0 _tAgronomico (Brazil)
_xISSN 0365-2726
_g(Mar-Apr 1968), v. 20(3-4) p. 17-33
_wBR6800640
909 _a202311
_bLúcia
_c55
_dLúcia Elande
942 _2AGRIS
_n0
_cANA
999 _c90458
_d90458